000 00295nam a22001337a 4500
008 170922b xxu||||| |||| 00| 0 eng d
020 _a0252061101
041 _aeng
080 _a37
100 _a46
101 _aEDU
245 _aGENDER IN THE CLASSROOM
_cCABRIEL/S/L
942 _2udc
_cBK
999 _c29090
_d29090